Królowie po obrazkach - Statystyki

Ogólne statystyki
  • Ten quiz został rozwiązany 15 razy
  • Średni wynik to 10 z 16
Statystyki odpowiedzi
Obrazkowy Odpowiedź % Poprawnych
Bolesław Chrobry
100%
Karol III
100%
Jan III Sobieski
89%
Władysław Jagiełło
89%
Jerzy V
78%
Karol Wielki
78%
Fryderyk Wilhelm I
67%
Karol II Habsburg
67%
Zygmunt III Waza
67%
Gustaw Adolf
44%
Leopold II
44%
Ludwik XIV
44%
Ryszard Lwie Serce
44%
Władysław Warneńczyk
44%
Manuel II
11%
Wiktor Emanuel II
11%
Nie znaleziono quizów pasujących do podanych kryteriów
Rozkład punktacji
Procent ludzi z każdym wynikiem
Percentyl według liczby udzielonych odpowiedzi
Twoja historia wyników
Nie rozwiązałeś tego quizu